La vida es sueño / (Registro nro. 10903)

Detalles MARC
000 -LIDER
fixed length control field 00925nam a2200301 a 4500
001 - NÚMERO DE CONTROL
Identificador de número de control 0152
003 - IDENTIFICACDOR DE NÚMERO DE CONTROL
control field DO-SdBNP
005 - DATE AND TIME OF LATEST TRANSACTION
control field 20180328103835.0
007 - CAMPOS FIJOS DE DESCRIPCIÓN FÍSICA
fixed length control field 0152
008 - ELEMENTOS DE LONGITUD FIJA
fixed length control field 100223s 2005 sp a 000 d spa d
020 ## - ISBN
International Standard Book Number 8497646878
040 ## - FUENTE DE CATALOGACIÓN
Agencia que crea de manera original el registro BPMSU
Idioma de catalogación spa
Agencia que realiza la transcripción BPMSU
082 #4 - NÚMERO DE CLASIFICACIÓN DECIMAL DE DEWEY
Classification number 862.3
Item number C146v
100 1# - ASIENTO PRINCIPAL -- NOMBRE PERSONAL
Nombre personal Calderón de la Barca, Pedro,
Fechas asociadas con el nombre 1600–1681.
245 13 - MENCIÓN DE TITULO
Título La vida es sueño /
Mención de responsabilidad Pedro Calderón de la Barca.
260 ## - PUBLICACIÓN, DISTRIBUCIÓN, ETC. (PIE DE IMPRENTA)
Lugar de publicación, distribución, etc Madrid :
Nombre del editor, distribuidor, etc. Edimat,
Fecha de publicación, distribución, etc 2005.
300 ## - DESCRIPCIÓN FÍSICA
Extensión 170 p. ;
Dimensiones 23 cm.
490 1# - MENCIÓN DE SERIES
Mención de serie Clásicos de la literatura
Volume/sequential designation
504 ## - NOTA DE BIBLIOGRAFÍA, ETC.
Bibliography, etc
600 14 - ENCABEZAMIENTO DE MATERIA--NOMBRE PERSONAL
Nombre personal CALDERÓN DE LA BARCA, PEDRO,
Fechas asociadas con el nombre 1600-1681
Subdivisión temática general CRÍTICA E INTERPRETACIÓN
650 #4 - ENCABEZAMIENTO DE MATERIA--TEMÁTICO
Término temático o nombre geográfico como elemento de entrada TEATRO ESPAÑOL
650 #4 - ENCABEZAMIENTO DE MATERIA--TEMÁTICO
Término temático o nombre geográfico como elemento de entrada LITERATURA ESPAÑOLA
830 #0 - ASIENTO SECUNDARIO DE SERIE--TÍTULO UNIFORME
Título uniforme Clásicos de la literatura
Volume number/sequential designation
910 ## - VALIDACIÓN
Validación Validado. Control de calidad MFF
942 ## - ADDED ENTRY ELEMENTS (KOHA)
Source of classification or shelving scheme Dewey Decimal Classification
Koha item type Libros
945 ## - INFORMACIÓN DE PROCESAMIENTO LOCAL
Información de procesamiento local Ivnentariado extranjero / 2017 VM
956 ## - LOCAL ELECTRONIC LOCATION AND ACCESS (OCLC)
Nombre de host VMATEO
Número de acceso 10
Información de compresión 20160715
Inicio de sesión BMSU
Procesador de solicitud 00069
Existencias
Withdrawn status Lost status Source of classification or shelving scheme Damaged status Not for loan Collection code Home library Current library Date acquired Source of acquisition Total Checkouts Full call number Barcode Date last seen Price effective from Koha item type Copy number
    Dewey Decimal Classification     Colección General Biblioteca Pública Metropolitana Salomé Ureña Biblioteca Pública Metropolitana Salomé Ureña 07/15/2016 Donación   862.3 C146v BPMSU16070497 07/15/2016 07/15/2016 Libros  
    Dewey Decimal Classification     Colección General Biblioteca Pública Metropolitana Salomé Ureña Biblioteca Pública Metropolitana Salomé Ureña 08/10/2016 Donación   862.3 C146v BPMSU16080140 08/10/2016 08/10/2016 Libros e. 2
    Dewey Decimal Classification     Colección Juvenil General Biblioteca Pública Metropolitana Salomé Ureña Biblioteca Pública Metropolitana Salomé Ureña 02/20/2018 Donación   862.3 C146v BPMSU18020193 02/20/2018 02/20/2018 Libros e. 3